| 000 | 01901nam a2200469Ii 4500 | ||
|---|---|---|---|
| 001 | DIGXIAGT057 | ||
| 003 | NyNyDIG | ||
| 008 | 140901s2009 sp o 000 1 spa d | ||
| 006 | m o d | ||
| 007 | cr ||||||||||| | ||
| 020 |
_a9788415472209 _q(eBook) |
||
| 020 |
_z9788467237108 _q(Galaxia Gutenberg) |
||
| 020 |
_z8467237104 _q(Galaxia Gutenberg) |
||
| 020 |
_z9788481098389 _q(Círculo de Lectores) |
||
| 020 |
_z8481098388 _q(Círculo de Lectores) |
||
| 035 | _a(OCoLC)893649475 | ||
| 040 |
_aDGITA _beng _erda _epn _cDGITA |
||
| 041 | 1 |
_aspa _heng |
|
| 050 | 1 | 4 | _aPR6037.L38 eBook |
| 100 | 1 |
_aSlater, Humphrey, _d1906-1958, _eauthor. |
|
| 240 | 1 | 0 |
_aConspirator. _lSpanish |
| 245 | 1 | 3 |
_aEl conspirador / _cHumphrey Slater ; traducción de Montserrat Gurguí y Hernán Sabaté. |
| 250 | _aPrimera edición. | ||
| 264 | 1 |
_aBarcelona : _bGalaxia Gutenberg : _bCírculo de Lectores, _c2009. |
|
| 300 | _a1 online resource (215 pages). | ||
| 336 |
_atext _btxt _2rdacontent |
||
| 337 |
_acomputer _bc _2rdamedia |
||
| 338 |
_aonline resource _bcr _2rdacarrier |
||
| 490 | 1 |
_aSerie Narrativa ; _v71 |
|
| 500 | _aTranslated from the English: The conspirator. New York, Harcourt, Brace, 1948. | ||
| 588 | 0 | _aOnline resource; title from ePub and PDF title page (Digitalia, viewed August 10, 2014) | |
| 655 | 0 | _aElectronic books. | |
| 700 | 1 |
_aGurguí, Montserrat, _etranslator. |
|
| 700 | 1 |
_aSabaté, Hernán, _etranslator. |
|
| 791 | 2 |
_aDigitalia (Firm), _edistributor. |
|
| 793 | 0 |
_gDigitalia eBook Collection: _aGalaxia Gutenberg. |
|
| 776 | 0 | 8 |
_iPrint version: _aSlater, Humphrey. _tConspirador. _dBarcelona : Galaxia Gutenberg : Círculo de Lectores, 2009. _z9788467237108 |
| 830 | 0 |
_aSerie Narrativa (Galaxia Gutenberg (Firm)) ; _v71 |
|
| 856 | 4 | 0 |
_3Digitalia Hispánica _uhttps://www.digitaliapublishing.com/a/28854/ |
| 910 | _aPremium Collection: 2014 | ||
| 942 | _cRAA | ||
| 999 |
_c239405 _d239405 |
||